La reflexión cotidiana: hacia una arqueología de la experiencia

Sparad:
Bibliografiska uppgifter
Huvudupphovsman: Giannini Iñiguez, Humberto (autor)
Materialtyp: Bok
Språk:spanska
Publicerad: Santiago Universitaria 1999
Upplaga:5a. ed
Serie:Colección El Saber y la Cultura
Ämnen:
Taggar: Lägg till en tagg
Inga taggar, Lägg till första taggen!

MARC

LEADER 00000nam a2200000 a 4500
001 UCO4401
003 CL-VaPUC
005 20240312125328.0
008 000804e19990000CL |||||||||||||||||spa|d
999 |c 290446  |d 290444 
040 |c Pontificia Universidad Católica de Valparaíso 
082 0 4 |a 128.3  |b GIA  |2 21 
100 |a Giannini Iñiguez, Humberto  |e autor  |9 582349 
245 1 3 |a La reflexión cotidiana: hacia una arqueología de la experiencia 
250 |a 5a. ed 
260 |a Santiago  |b Universitaria  |c 1999 
300 |a 198 p 
490 0 |a Colección El Saber y la Cultura 
583 |a last modification  |c 20121003 12:12:20  |k Rodrigo Vera 
650 0 |a Comunicación   |9 257251 
650 0 |a Filosofía del lenguaje  |9 257082 
650 0 |a Vida cotidiana   |9 322355 
650 0 |a Reflexión (Filosofía)  |9 887354 
650 0 |a Experiencia  |9 308852 
942 |c BK  |2 ddc 
945 |d 20000804 00:00:00  |a vberengu 
952 |0 0  |1 0  |4 0  |6 128_300000000000000_GIA_1999  |7 0  |8 A  |9 339876  |a BIBEDU  |b BIBEDU  |d 2019-11-20  |i 3638146  |l 1  |o 128.3 GIA 1999  |p 3638146  |r 2022-06-22  |s 2022-06-14  |w 2019-11-20  |y BK  |k BME 
952 |0 0  |1 0  |4 0  |6 128_300000000000000_GIA_1999  |7 0  |8 R  |9 339877  |a BIBGIM  |b BIBGIM  |d 2019-11-20  |i 3824810  |l 5  |o 128.3 GIA 1999  |p 3824810  |r 2025-03-18  |s 2025-03-10  |w 2019-11-20  |y BK_R  |k SSL 
952 |0 0  |1 0  |2 ddc  |4 2  |6 128_300000000000000_GIA_1999  |7 0  |8 R  |9 339878  |a BIBGIM  |b BIBGIM  |d 2019-11-20  |i 3824829  |o 128.3 GIA 1999  |p 3824829  |r 2025-01-15  |w 2019-11-20  |y BK_R  |k SSL